| 000 | 00691nam a2200217 u 4500 | ||
|---|---|---|---|
| 005 | 20210223131354.0 | ||
| 008 | 100831s2006 es r 000 0 spa d | ||
| 020 | _a8496751007 (10 dígitos) | ||
| 020 | _a9788496751002 (13 dígitos) | ||
| 035 | _aUPN01000177591 | ||
| 049 | _aI | ||
| 050 | 4 |
_aR558 B3.4 _bB4.2 |
|
| 100 | 1 |
_aBlanco Laserna, Luis _931190 |
|
| 245 | 1 | 0 |
_aBalmis y los niños de la vacuna / _cLuis Blanco Laserna. |
| 260 |
_aMadrid : _bEl Rompecabezas, _c2006. |
||
| 300 |
_a139 p. : _bil. col. |
||
| 440 | 0 |
_aSabelotod@s : con actividades ; _v16 |
|
| 600 | 1 | 4 |
_aBALMIS, FRANCISCO XAVIER DE, _d1753-1819 _918609 |
| 650 | 4 |
_aMEDICOS - _vBIOGRAFIA _912713 |
|
| 905 | _aInfantil | ||
| 999 |
_c149694 _d149694 |
||